00281nam a2200121Ia 4500008004100000100001300041245003200054260003100086300000800117650001000125942000700135999001700142190216s9999||||xx |||||||||||||| ||und|| aByrd J L 0aKing Arthur And His Knights bE J Arnold & Son Ltdc1988 a96p aNovel cBK c11932d11932